000 00617nam a2200241Ia 4500
003 OSt
005 20221005101823.0
006 a|||||r|||| 00| 0
007 ta
008 221004b |||||||| |||| 00| 0 eng d
024 _a71632
037 _cTextual
040 _aCRL
_cCRL
_beng
041 _2eng
_aeng
082 _aY15, M5
100 _aKandiyoti Deniz
_9333891
245 0 _aWomen in rural production system
_b Problems and policies
260 _aUnesco
_c1985
300 _a119p
_ccm.
650 _aSOCIOLOGY
942 _hY15, M5
_cTEXL
_2cc
999 _c1007453
_d1007453